Statistics for Best Selling Songs of the 21st Century

Click here to take the quiz!

General Stats

  • This quiz has been taken 82 times
  • The average score is 43 of 150

Answer Stats

#ArstistSong% Correct
36AdeleRolling In The Deep
75%
53Rihanna ft. Jay ZUmbrella
70%
14Lady GagaPoker Face
69%
22Gnarls BarkleyCrazy
66%
19Eminem ft. RihannaLove The Way You Lie
64%
6Maroon 5 ft. Christina AguileraMoves Like Jagger
64%
37Bruno MarsGrenade
63%
2AdeleSomeone Like You
63%
62Katy Perry ft. Snoop DogCalifornia Gurls
61%
30Gotye ft. KimbraSomebody That I Used To Know
61%
9Kings of LeonSex On Fire
59%
111ColdplayViva La Vida
58%
27Lady GagaBad Romance
56%
21Leona LewisBleeding Love
56%
41Katy PerryFirework
56%
4Black Eyed PeasI Gotta Feeling
55%
31Lady Gaga (Feat Colby O'Donis)Just Dance
55%
87Shakira ft. Wyclef JeanHips Don't Lie
53%
16LMFAO ft. Lauren Bennet, GoonrockParty Rock Anthem
53%
69Owl cityFireflies
52%
12Bruno MarsJust The Way You Are (Amazing)
52%
90Lady Gaga ft. BeyonceTelephone
52%
63David Guetta ft. SiaTitanium
52%
13Rihanna ft. Calvin HarrisWe Found Love
52%
100KeshaTik Tok
50%
5Shaggy ft. RikrockIt Wasn't Me
48%
18Jessie J ft. B.o.BPrice Tag
48%
107BeyonceSingle Ladies (Put A Ring On It)
48%
72LMFAOSexy And I Know
47%
75James BluntYour'e Beautiful
47%
71B.o.B ft. Hayley WilliamsAirplanes
45%
76Jay Z ft. Alecia KeysEmpire State Of Mind
45%
79Alecia KeysEmpire State Of Mind (Part II)
45%
44Jennifer Lopez ft. PitbullOn The Floor
45%
42EminemStan
45%
33Cee Lo GreenForget You
44%
32Kings of LeonUse Somebody
44%
73Black Eyed PeasBoom Boom Pow
42%
38Snow PatrolChasing Cars
42%
86Taio CruzDynamite
42%
91Katy PerryI Kissed A Girl
42%
81Black Eyed PeasWhere Is The Love
42%
131Saggy ft. RayvonAngel
41%
11Kylie MinogueCan't Get You Out Of My Head
38%
34Ed SheeranThe A Team
36%
94Lady GagaBorn This Way
34%
40JourneyDon't Stop Believin'
34%
133Jason MrazI'm Yours
34%
148Lady GagaPaparazzi
34%
61WheatusTeenage Dirtbag
34%
10Band Aid 20Do They Know It's Christmas
33%
29Pitbull ft. Ne Yo, Afrojack, NayerGive Me Everything
33%
28Enrique IglesiasHero
33%
43X Factor FinalistsHero
33%
55ColdplayParadise
33%
92One DirectionWhat Makes You Beautiful
33%
83ShakiraWhenever Wherever
33%
149Timbaland ft. One RepublicApologize
31%
23Bob The BuilderCan We Fix It
31%
48Christina PerriJar Of Hearts
31%
7Tony Christie ft. Peter KayAmarillo
30%
8Alexandra BurkeHallelujah
30%
135BeyonceHalo
30%
101Katy PerryHot N Cold
30%
113Flo Rida ft. T PainLow
30%
84RihannaS&M
30%
52Rihanna ft. DrakeWhat's My Name
30%
143Estelle ft. Kanye WestAmerican Boy
28%
25Cheryl ColeFight For This Love
28%
138Go Goo DollsIris
28%
1Will YoungAnything Is Possible
27%
116Jessie JDomino
27%
136MadonnaHung Up
27%
67Baha MenWho Let The Dogs Out
27%
132EminemWithout Me
27%
66Alexandra Burke ft. Flo RidaBad Boys
25%
147Pussycat Dolls ft. Busta RhymesDon't Cha
25%
97DuffyMercy
25%
65Usher ft. will.i.amOMG
25%
51Tinie TempahPass Out
25%
108Elvis ft. JXLA Little Less Conversation
23%
139MikaGrace Kelly
23%
20RihannaOnly Girl
23%
89NickelBackRockstar
23%
68Labrinth ft. Tinie TempahEarthquake
22%
80BeyonceIf I Were A Boy
22%
146R. KellyIgnition
22%
128Ed SheeranLego House
22%
109RihannaRude Boy
22%
121Las KetchupThe Ketchup Song (Asereje)
22%
124Mark Ronson ft. Amy WinehouseValerie
22%
150Crazy FrogAxel F
20%
88James Morrison ft. Nelly FurtadoBroken Strings
20%
93KillersHuman
20%
64Leona LewisRun
20%
102Bruno MrasThe Lazy Song
20%
26Atomic KittenWhole Again
20%
112Aloe BlackI Need A Dollar
19%
99Robie WilliamsRock DJ
19%
98Girls AloudSound Of The Underground
19%
35Leona LewisA Moment Like This
17%
46Nelly ft. Kelly RowlandDilema
17%
45Black Eyed PeasMeet Me Half Way
17%
39Take ThatRule The World
17%
82Davis Guetta ft. AkonSexy Chick
17%
122David Guetta ft. Kelly RowlandWhen Love Takes Over
17%
123Dizzee Rascal & Van HeldenBonkers
16%
115Pogues ft. Kirsty MaccollFairytale Of New York
16%
54DJ OtziHey Baby
16%
15Shayne WardThat's My Goal
16%
3Gareth GatesUnchained Melody
16%
56WestlifeUptown Girl
16%
60Yolanda Be Cool vs D CupWe No Speak Americano
16%
117Leann RimmesCan't Fight The Moonlight
14%
57S Club 7Don't Stop Movin'
14%
126DJ Sammy & Yanou ft. DoHeaven
14%
50La RouxIn For The Kill
14%
145The ScriptThe Man Who Can't Be Moved
14%
127Tinie Tempah ft. Eric TurnerWritten In The Stars
14%
129Jessie JDo It Like A Dude
13%
142Scissor SistersI Don't Feel Like Dancing
13%
106Tinchy Stryder ft. N DubzNumber 1
13%
95Take ThatPatience
13%
24Matt CardleWhen We Collide
13%
103Flo RidaGood Feeling
11%
105S Club 7Never Had A Dream Come True
11%
17HearsayPure And Simple
11%
59Al SaintsPure Shores
11%
47Joe McElderryThe Climb
11%
120Florence & The MachineYou've Got The Love
11%
134Dizzee Rascal & Calvin Harris ft. ChromeDance Wiv Me
9%
130Will YoungLeave Right Now
8%
78Michael Andrews ft. Gary JulesMad World
8%
49AdeleMake You Feel My Love
8%
110Chris Brown ft. Benny BenassiBeautiful People
6%
125EamonI Don't Want You Back
6%
85SoniqueIt Feels So Good
6%
104Plan BShe Said
6%
96Black Eyed PeasThe Time (Dirty Bit)
6%
118ExampleChanged The Way You Kissed Me
5%
140Olly MursDance With Me Tonight
5%
114Helping HaitiEverybody Hurts
5%
119SpillerGroovejet (If This Ain't Love)
5%
141Snoop DogSweat
5%
144Gareth GatesAnyone Of Us (Stupid Mistake)
3%
58EminemLoose Yourself
3%
74Military Wives ft. Gareth MaloneWherever You Are
3%
77Ellie GouldingYour'e Song
2%
137Olly Murs ft. Rizzle KicksHeart Beats Out Of Time
0%
70Rage Against The MachineKiller In The Name
0%

Score Distribution

Percentile by Number Answered

Percent of People with Each Score

Your Score History

You have not taken this quiz